[Event "28th Hoogeveen op"]
[Site "Hoogeveen NED"]
[Date "2025.10.18"]
[Round "1.28"]
[White "Moskalets, Sofiia"]
[Black "Gergin, Isafara"]
[Result "1-0"]
[WhiteElo "2176"]
[BlackElo "1984"]
[EventDate "2025.10.18"]
[PlyCount "63"]

1.e4 c6 2.d4 d5 3.e5 Bf5 4.h4 h5 5.c4 e6 6.Nc3 Ne7 7.Be3 Nd7 8.cxd5 cxd5 
9.Bd3 Bxd3 10.Qxd3 Nb6 11.Bg5 Qd7 12.Nf3 Nf5 13.O-O Be7 14.g3 Bxg5 15.Nxg5
Nc4 16.b3 Na5 17.Rad1 Nc6 18.Ne2 Rc8 19.a3 g6 20.Kg2 Kf8 21.f3 Kg7 22.g4 
hxg4 23.fxg4 Rxh4 24.gxf5 Rg4+ 25.Kf2 exf5 26.Nf3 Qc7 27.Rh1 Qb6 28.Qe3 f4
29.Nxf4 Ne7 30.Nxd5 Rc2+ 31.Rd2 Rxd2+ 32.Qxd2 1-0

[Event "28th Hoogeveen op"]
[Site "Hoogeveen NED"]
[Date "2025.10.18"]
[Round "1.29"]
[White "Bakels, Anton"]
[Black "Groenewoud, Joel"]
[Result "1/2-1/2"]
[WhiteElo "1981"]
[BlackElo "2175"]
[EventDate "2025.10.18"]
[PlyCount "89"]

1.e4 c6 2.d4 d5 3.Nc3 dxe4 4.Nxe4 Nf6 5.Nxf6+ exf6 6.c3 Bd6 7.Bd3 O-O 8.
Qc2 Re8+ 9.Ne2 Nd7 10.Bxh7+ Kh8 11.Bd3 c5 12.O-O cxd4 13.Nxd4 Ne5 14.Bb5 
Bd7 15.Bxd7 Qxd7 16.Qf5 Rad8 17.g3 Bc5 18.Qxd7 Rxd7 19.Nc2 Ng4 20.Ne3 Bxe3
21.Bxe3 Nxe3 22.Rfe1 Rd2 23.b3 f5 24.Rxe3 Rxe3 25.fxe3 g6 26.c4 Kg7 27.a3 
Kf6 28.Rf1 Ke5 29.Rf2 Rd3 30.Rb2 Rxe3 31.Kf2 f4 32.a4 f5 33.b4 Ke4 34.c5 
fxg3+ 35.hxg3 Rf3+ 36.Kg2 f4 37.gxf4 Rxf4 38.b5 Kd3 39.a5 Ra4 40.c6 bxc6 
41.bxc6 Rxa5 42.c7 Rc5 43.Rb7 a5 44.Ra7 Kc4 45.Rxa5 1/2-1/2

[Event "28th Hoogeveen op"]
[Site "Hoogeveen NED"]
[Date "2025.10.18"]
[Round "1.30"]
[White "Grooten, Tommy"]
[Black "Struik, Marcel"]
[Result "1-0"]
[WhiteElo "2160"]
[BlackElo "1945"]
[EventDate "2025.10.18"]
[PlyCount "61"]

1.Nf3 Nf6 2.c4 c6 3.d4 d5 4.Nc3 e6 5.g3 Nbd7 6.Bg2 Bd6 7.O-O O-O 8.Qd3 b6 
9.e4 dxe4 10.Nxe4 Nxe4 11.Qxe4 Bb7 12.Rd1 Qc7 13.Qc2 Rfe8 14.Bd2 c5 15.d5 
h6 16.Bc3 exd5 17.cxd5 Ne5 18.Nxe5 Rxe5 19.Bxe5 Bxe5 20.d6 Qd7 21.Bxb7 
Qxb7 22.Rd2 Rd8 23.Re1 Bd4 24.Rde2 g6 25.Re8+ Rxe8 26.Rxe8+ Kg7 27.Qe4 Qd7
28.Qe7 Qf5 29.Qf8+ Kf6 30.Re2 Kg5 31.Qe7+ 1-0

[Event "28th Hoogeveen op"]
[Site "Hoogeveen NED"]
[Date "2025.10.18"]
[Round "1.31"]
[White "Fikh, Anthony"]
[Black "Aravindhan, Achyuth"]
[Result "1-0"]
[WhiteElo "1942"]
[BlackElo "2144"]
[EventDate "2025.10.18"]
[PlyCount "79"]

1.Nf3 d5 2.e3 Nf6 3.c4 e6 4.b3 b6 5.Bb2 Bb7 6.g3 c5 7.Bg2 Be7 8.O-O O-O 9.
Qe2 Nc6 10.cxd5 exd5 11.d4 Qc8 12.Rc1 Rd8 13.Nc3 Ba6 14.Qd1 Qf5 15.dxc5 
bxc5 16.Na4 Ne4 17.Qe1 Nb4 18.Ba3 Nd3 19.Qa5 Rd6 20.Nxc5 Ndxc5 21.Bxc5 Be2
22.Bxd6 Bxd6 23.Rd1 Bxf3 24.Rxd5 Qf6 25.Rf1 Bxg2 26.Kxg2 h6 27.f3 Ng5 28.
h4 Nh7 29.Rfd1 Be7 30.Qc7 Nf8 31.e4 Bb4 32.Qb7 Qb2+ 33.Kh3 Ng6 34.Qxa8+ 
Kh7 35.Qc8 Qf2 36.Qf5 Be1 37.Rxe1 Qxe1 38.h5 Qf1+ 39.Kg4 Qc1 40.Rd6 1-0

[Event "28th Hoogeveen op"]
[Site "Hoogeveen NED"]
[Date "2025.10.18"]
[Round "1.32"]
[White "Mellema, Andries"]
[Black "Makhynia, Kostiantyn"]
[Result "0-1"]
[WhiteElo "2142"]
[BlackElo "1935"]
[EventDate "2025.10.18"]
[PlyCount "82"]

1.e4 c5 2.Nf3 Nc6 3.d4 cxd4 4.Nxd4 Nf6 5.Nc3 e6 6.g3 Bb4 7.Bg2 Qa5 8.Ne2 
d5 9.exd5 Nxd5 10.O-O Nxc3 11.Nxc3 O-O 12.Bd2 Re8 13.a3 Bf8 14.Ne4 Qc7 15.
Qh5 e5 16.Rad1 Be6 17.Be3 f6 18.Bc5 Rad8 19.Bxf8 Rxf8 20.Nc5 Bf7 21.Qg4 
Nd4 22.Nxb7 h5 23.Qe4 Bd5 24.Qxd5+ Rxd5 25.Bxd5+ Kh8 26.c3 Nf5 27.Be4 Nh6 
28.Rd2 f5 29.Bg2 e4 30.Nd6 Ng4 31.Nb5 Qb6 32.Nd4 Qh6 33.Re2 h4 34.h3 Ne5 
35.Kh2 Qg6 36.gxh4 Nd3 37.Rg1 Qh6 38.Kh1 Qxh4 39.Rc2 Nxf2+ 40.Rxf2 Qxf2 
41.Rf1 Qxb2 0-1

[Event "28th Hoogeveen op"]
[Site "Hoogeveen NED"]
[Date "2025.10.18"]
[Round "1.33"]
[White "Safin, Safarullakhan"]
[Black "Edwardss, Dylan"]
[Result "1/2-1/2"]
[WhiteElo "1915"]
[BlackElo "2137"]
[EventDate "2025.10.18"]
[PlyCount "60"]

1.e4 c5 2.Nf3 Nc6 3.d4 cxd4 4.Nxd4 e5 5.Nb5 d6 6.N1c3 a6 7.Na3 b5 8.Nd5 
Nge7 9.c4 Nd4 10.Be3 Nxd5 11.cxd5 Be7 12.Bxd4 exd4 13.Bd3 O-O 14.O-O f5 
15.exf5 Bf6 16.Nc2 Bb7 17.Be4 Qb6 18.Qd3 Rac8 19.Rad1 Rc4 20.Qd2 a5 21.a3 
Rfc8 22.Rfe1 Qc7 23.Qe2 h6 24.g4 Rxc2 25.Bxc2 Qxc2 26.Qe6+ Kh7 27.Qf7 Bh4 
28.Qg6+ Kh8 29.Re8+ Rxe8 30.Qxe8+ Kh7 1/2-1/2

[Event "28th Hoogeveen op"]
[Site "Hoogeveen NED"]
[Date "2025.10.19"]
[Round "2.1"]
[White "Harikrishnan.A.Ra,"]
[Black "Ten Dam, Bram"]
[Result "1-0"]
[WhiteElo "2534"]
[BlackElo "2185"]
[EventDate "2025.10.18"]
[PlyCount "61"]

1.Nf3 d5 2.c4 c6 3.g3 g6 4.Qa4 dxc4 5.Qxc4 Nf6 6.Bg2 Bg7 7.Nc3 O-O 8.O-O 
Nbd7 9.d4 Nb6 10.Qd3 Be6 11.Rd1 Bc4 12.Qc2 Nfd5 13.e4 Nxc3 14.bxc3 a5 15.
Rb1 Ba6 16.Bf1 Bxf1 17.Kxf1 Ra7 18.c4 Nd7 19.h4 Qc8 20.Be3 Ra6 21.Kg2 e5 
22.c5 exd4 23.Bxd4 Bxd4 24.Rxd4 h5 25.Rbd1 Nf6 26.Ng5 Nh7 27.Nxf7 Kxf7 28.
Rd7+ Kg8 29.Qc4+ Kh8 30.Qc3+ Nf6 31.Rd8 1-0

[Event "28th Hoogeveen op"]
[Site "Hoogeveen NED"]
[Date "2025.10.19"]
[Round "2.2"]
[White "Kazarjan, Gachatur"]
[Black "Beerdsen, Thomas"]
[Result "0-1"]
[WhiteElo "2192"]
[BlackElo "2528"]
[EventDate "2025.10.18"]
[PlyCount "48"]

1.e4 c5 2.Nf3 d6 3.d4 cxd4 4.Nxd4 Nf6 5.Nc3 a6 6.Be2 e5 7.Nb3 Be7 8.Be3 
Be6 9.f4 exf4 10.Bxf4 Nc6 11.Qd2 O-O 12.O-O-O Ne5 13.Kb1 b5 14.Nd5 Nxe4 
15.Qe3 Bxd5 16.Rxd5 Nf6 17.Rdd1 Qc7 18.Rhg1 Rac8 19.c3 Rfe8 20.g4 Bf8 21.
g5 Nc4 22.Qf3 Ne4 23.Bd3 Nxc3+ 24.bxc3 Na3+ 0-1

[Event "28th Hoogeveen op"]
[Site "Hoogeveen NED"]
[Date "2025.10.19"]
[Round "2.3"]
[White "Abdisalimov, Abdimalik"]
[Black "Moskalets, Sofiia"]
[Result "1-0"]
[WhiteElo "2501"]
[BlackElo "2176"]
[EventDate "2025.10.18"]
[PlyCount "151"]

1.d4 d5 2.c4 e6 3.Nf3 c5 4.cxd5 exd5 5.g3 Nc6 6.Bg2 Nf6 7.O-O Be7 8.Nc3 
O-O 9.Bg5 cxd4 10.Nxd4 h6 11.Bf4 Bg4 12.h3 Be6 13.Rc1 Qd7 14.Nxe6 fxe6 15.
Qd3 Rad8 16.Rcd1 Kh8 17.Bc1 a6 18.b3 Bc5 19.Bb2 Qf7 20.e3 Ba7 21.Kh2 e5 
22.Qb1 e4 23.Ne2 Bb8 24.f3 Qh5 25.Rde1 Rde8 26.a3 Be5 27.Bxe5 Qxe5 28.Nf4 
Kh7 29.b4 g5 30.Ne2 Kh8 31.b5 Na5 32.fxe4 dxe4 33.bxa6 bxa6 34.Qb4 Nc6 35.
Qc3 Qxc3 36.Nxc3 Ne5 37.Nxe4 Nxe4 38.Rxf8+ Rxf8 39.Bxe4 Rf2+ 40.Kg1 Ra2 
41.Rc1 Rxa3 42.Rc5 Nf7 43.Kf2 Kg7 44.Rc6 Ra2+ 45.Ke1 Ra1+ 46.Kd2 Ra2+ 47.
Bc2 Ne5 48.Re6 Nf3+ 49.Kc3 h5 50.Rg6+ Kf7 51.Rh6 Ra5 52.Bb3+ Kg7 53.Rxh5 
Re5 54.Kd3 Ne1+ 55.Ke2 Ng2 56.e4 Kg6 57.Rh8 Rxe4+ 58.Kf2 Ne3 59.Ra8 Kg7 
60.Rxa6 Nf5 61.Ra5 Nd4 62.Bd1 Kf6 63.Ra4 Ke5 64.Ra6 Ne6 65.Bg4 Nc5 66.Rg6 
Nd3+ 67.Kg2 Ne1+ 68.Kh2 Kd4 69.Rxg5 Ke3 70.h4 Kf2 71.h5 Re7 72.Rf5+ Ke3 
73.Rf1 Nd3 74.Bf5 Re5 75.g4 Nf2 76.Kg3 1-0

[Event "28th Hoogeveen op"]
[Site "Hoogeveen NED"]
[Date "2025.10.19"]
[Round "2.4"]
[White "Raja, Harshit"]
[Black "Grooten, Tommy"]
[Result "1-0"]
[WhiteElo "2476"]
[BlackElo "2160"]
[EventDate "2025.10.18"]
[PlyCount "129"]

1.e4 c5 2.Nf3 d6 3.d4 cxd4 4.Nxd4 Nf6 5.Nc3 a6 6.Bg5 Nbd7 7.Qe2 h6 8.Bh4 
g6 9.f4 e5 10.fxe5 dxe5 11.Nb3 Bb4 12.Qf3 g5 13.Bf2 Nf8 14.a3 Bg4 15.Qe3 
Bxc3+ 16.Qxc3 N8d7 17.Qe3 Rc8 18.Bd3 Be6 19.O-O Ng4 20.Qf3 Nxf2 21.Qxf2 
O-O 22.Rad1 Qb6 23.Rfe1 Qxf2+ 24.Kxf2 Rfd8 25.Ke3 Nf6 26.Be2 Rxd1 27.Bxd1 
Nd7 28.c3 Nb6 29.Nd2 Rd8 30.Bc2 Kf8 31.Rc1 Rc8 32.Bd1 Ke7 33.b4 Nc4+ 34.
Nxc4 Bxc4 35.a4 b6 36.Be2 Bxe2 37.Kxe2 a5 38.bxa5 bxa5 39.Kd3 Rb8 40.Rc2 
Ke6 41.g4 Kd6 42.Rd2 h5 43.gxh5 Rh8 44.Kc4+ Kc6 45.Rf2 Rxh5 46.Rf6+ Kd7 
47.Rxf7+ Ke6 48.Ra7 Rxh2 49.Ra6+ Kf7 50.Rxa5 g4 51.Rxe5 Kg6 52.Rd5 Re2 53.
a5 g3 54.a6 Rxe4+ 55.Kb5 g2 56.Rd1 Re2 57.a7 Ra2 58.Rg1 Rxa7 59.Rxg2+ Kf6 
60.c4 Ra8 61.c5 Ke6 62.Rd2 Rb8+ 63.Kc6 Rc8+ 64.Kb6 Rb8+ 65.Kc7 1-0

[Event "28th Hoogeveen op"]
[Site "Hoogeveen NED"]
[Date "2025.10.19"]
[Round "2.5"]
[White "Kamphuis, Jasper"]
[Black "Harshavardhan, G. B."]
[Result "0-1"]
[WhiteElo "2104"]
[BlackElo "2476"]
[EventDate "2025.10.18"]
[PlyCount "138"]

1.e4 e5 2.Nf3 Nc6 3.Bc4 Nf6 4.d4 exd4 5.e5 Ng4 6.O-O Be7 7.Re1 d6 8.exd6 
Qxd6 9.b3 Be6 10.Ba3 Qd7 11.Bxe6 fxe6 12.Bxe7 Kxe7 13.Nbd2 Rae8 14.b4 Nf6 
15.b5 Nb4 16.Nb3 d3 17.Nc5 Qxb5 18.Nxe6 Kd7 19.Nfd4 Qd5 20.c4 Qxc4 21.Qa4+
b5 22.Nxb5 Rxe6 23.Nd4+ Ke7 24.Nxe6 d2 25.Ng5+ dxe1=Q+ 26.Rxe1+ Kd8 27.a3 
Re8 28.Rd1+ Kc8 29.axb4 Kb7 30.Nf3 Re6 31.Rb1 Qd3 32.Qa1 Ra6 33.Qb2 Nd5 
34.Re1 Qc3 35.Qb1 g6 36.Qe4 Rd6 37.Ne5 c6 38.Nc4 Rd7 39.Na5+ Kc7 40.Qb1 
Qxb4 41.Nb3 a5 42.Rc1 Nc3 43.Qc2 a4 44.Na1 Qd4 45.g3 Qd2 46.Kg2 Qxc2 47.
Nxc2 Nd5 48.Kf3 Kb6 49.Ke4 Nc3+ 50.Ke5 Rd5+ 51.Ke6 Nb5 52.Ne3 Rc5 53.Ra1 
a3 54.g4 Ka5 55.f4 Rc3 56.Nd1 Rd3 57.f5 gxf5 58.gxf5 Nd4+ 59.Ke5 Nc2 60.
Rc1 a2 61.f6 a1=Q+ 62.Rxa1+ Nxa1 63.f7 Rf3 64.Ke6 Nc2 65.Ke7 Ne3 66.Nb2 
Nf5+ 67.Ke6 Nh6 68.Nc4+ Kb4 69.Ne5 Rxf7 0-1

[Event "28th Hoogeveen op"]
[Site "Hoogeveen NED"]
[Date "2025.10.19"]
[Round "2.6"]
[White "Chanda, Sandipan"]
[Black "Odenthal, Aidan"]
[Result "1-0"]
[WhiteElo "2467"]
[BlackElo "2045"]
[EventDate "2025.10.18"]
[PlyCount "85"]

1.d4 Nf6 2.Bf4 d5 3.e3 c5 4.Nf3 e6 5.Nbd2 Bd6 6.dxc5 Bxf4 7.exf4 Qc7 8.g3 
O-O 9.Bd3 Qxc5 10.O-O Nc6 11.Nb3 Qb6 12.c3 a5 13.Qe2 Bd7 14.Nbd4 Rfe8 15.
Rfe1 a4 16.a3 Nxd4 17.Nxd4 Bc6 18.Qc2 h6 19.Re2 Qc7 20.Rae1 Qd6 21.Qd1 
Rad8 22.Bc2 Ra8 23.Qd3 Ra5 24.Re5 Kf8 25.h3 Bd7 26.g4 g6 27.Qg3 Ra6 28.h4 
Rb6 29.h5 Rxb2 30.hxg6 fxg6 31.Bxg6 Re7 32.Nf5 exf5 33.Rxe7 Ne4 34.Rf7+ 
Kg8 35.Rxe4 fxe4 36.Qh4 Qxg6 37.Rxd7 Qb6 38.Rd8+ Kf7 39.Qh5+ Ke7 40.Qe8+ 
Kf6 41.Qe5+ Kf7 42.Rd7+ Kf8 43.Qh8# 1-0

[Event "28th Hoogeveen op"]
[Site "Hoogeveen NED"]
[Date "2025.10.19"]
[Round "2.7"]
[White "Van Veelen, Thomas"]
[Black "De Boer, Eelke"]
[Result "0-1"]
[WhiteElo "2081"]
[BlackElo "2456"]
[EventDate "2025.10.18"]
[PlyCount "56"]

1.d4 Nf6 2.c4 e6 3.Nf3 d5 4.Nc3 h6 5.e3 Be7 6.Bd3 a6 7.O-O dxc4 8.Bxc4 b5 
9.Bd3 Bb7 10.Qe2 Nbd7 11.Rd1 c5 12.dxc5 Bxc5 13.a3 Rc8 14.e4 Ng4 15.Rf1 
O-O 16.h3 Nge5 17.Bf4 Qf6 18.Nxe5 Nxe5 19.Be3 Rfd8 20.Rad1 Bxa3 21.Nxb5 
Bxb2 22.Na7 Ra8 23.Bxa6 Bxe4 24.Rxd8+ Rxd8 25.f3 Bd5 26.Rb1 Nxf3+ 27.Kh1 
Bd4 28.Rf1 Qe5 0-1

[Event "28th Hoogeveen op"]
[Site "Hoogeveen NED"]
[Date "2025.10.19"]
[Round "2.8"]
[White "Hoffman, Ron"]
[Black "Miezis, Normunds"]
[Result "0-1"]
[WhiteElo "2027"]
[BlackElo "2374"]
[EventDate "2025.10.18"]
[PlyCount "65"]

1.d4 Nf6 2.Bf4 d5 3.e3 c5 4.Nf3 Nc6 5.Nbd2 e6 6.c3 Nh5 7.Bg5 f6 8.Ne5 g6 
9.Bh4 cxd4 10.exd4 Be7 11.Nd3 e5 12.dxe5 fxe5 13.Bxe7 Qxe7 14.Be2 e4 15.
O-O O-O 16.Bxh5 gxh5 17.Nb4 Nxb4 18.cxb4 h4 19.Nb3 Be6 20.Nd4 Rf7 21.Qd2 
Rg7 22.Nxe6 Qxe6 23.Rad1 Rd8 24.Qe3 Rf8 25.Kh1 h5 26.Qd4 Qg4 27.Rg1 h3 28.
Qxg7+ Qxg7 29.gxh3 Rxf2 30.Rxg7+ Kxg7 31.Kg1 Rf5 32.Rc1 e3 33.Kh1 0-1

[Event "28th Hoogeveen op"]
[Site "Hoogeveen NED"]
[Date "2025.10.19"]
[Round "2.9"]
[White "Valiente, Paulo"]
[Black "Schuricht, Emil Frederick"]
[Result "0-1"]
[WhiteElo "2017"]
[BlackElo "2294"]
[EventDate "2025.10.18"]
[PlyCount "66"]

1.c4 e5 2.Nc3 Nf6 3.g3 Bb4 4.Bg2 O-O 5.Nf3 e4 6.Ng5 Bxc3 7.dxc3 Re8 8.Qc2 
Qe7 9.O-O d6 10.Nh3 h6 11.Nf4 c6 12.e3 Nbd7 13.b3 Ne5 14.Ba3 Bg4 15.h3 Bf3
16.Ne2 Rad8 17.Nd4 c5 18.Nxf3 exf3 19.Bh1 Qe6 20.Kh2 Nh7 21.Qe4 Qxh3+ 22.
Kxh3 Ng5+ 23.Kh2 Nxe4 24.Rac1 g5 25.Rc2 g4 26.Rd1 Kg7 27.Rd5 b6 28.Bc1 Rh8
29.Kg1 h5 30.Rd1 h4 31.gxh4 Rxh4 32.Bg2 Rdh8 33.Ba3 Rh2 0-1

[Event "28th Hoogeveen op"]
[Site "Hoogeveen NED"]
[Date "2025.10.19"]
[Round "2.10"]
[White "De Jong, Lode"]
[Black "Soumya, Swaminathan"]
[Result "0-1"]
[WhiteElo "1986"]
[BlackElo "2238"]
[EventDate "2025.10.18"]
[PlyCount "78"]

1.e4 c5 2.Nf3 d6 3.d4 cxd4 4.Nxd4 Nf6 5.Nc3 Nc6 6.Bg5 a6 7.Qd2 Bd7 8.O-O-O
e6 9.f3 Nxd4 10.Qxd4 Be7 11.Kb1 Qc7 12.h4 b5 13.h5 h6 14.Be3 Rb8 15.g4 b4 
16.Ne2 e5 17.Qd2 Be6 18.g5 hxg5 19.Bxg5 Rxh5 20.Rxh5 Nxh5 21.Bxe7 Kxe7 22.
Qg5+ Nf6 23.Ng3 g6 24.Bd3 Rh8 25.f4 Qc5 26.f5 gxf5 27.Nxf5+ Bxf5 28.Qxf5 
a5 29.Rf1 Rh6 30.Be2 Qe3 31.Bg4 Qxe4 32.Qc8 Qxg4 33.Qc7+ Nd7 34.Qxa5 Qc4 
35.Rd1 Rh2 36.Qa4 e4 37.a3 e3 38.axb4 e2 39.Re1 Qh4 0-1

[Event "28th Hoogeveen op"]
[Site "Hoogeveen NED"]
[Date "2025.10.19"]
[Round "2.11"]
[White "Dordevic, Tom"]
[Black "Fikh, Anthony"]
[Result "1-0"]
[WhiteElo "2224"]
[BlackElo "1942"]
[EventDate "2025.10.18"]
[PlyCount "83"]

1.e4 c6 2.d4 d5 3.e5 c5 4.Nf3 cxd4 5.Qxd4 Nc6 6.Qf4 e6 7.Nc3 a6 8.Bd3 Nb4 
9.O-O Nxd3 10.cxd3 Nh6 11.Nd4 Bc5 12.Nce2 O-O 13.Qg3 Kh8 14.Bg5 Be7 15.
Bxh6 gxh6 16.Rac1 Bd7 17.Qe3 Rg8 18.Kh1 Qb6 19.Nb3 Qd8 20.Nc5 Rb8 21.Nd4 
h5 22.b4 Bb5 23.a3 b6 24.Ncb3 Qd7 25.Nxb5 axb5 26.Nd4 Ra8 27.Rc3 Bg5 28.f4
Bh6 29.h3 Rgc8 30.Rxc8+ Rxc8 31.Qf3 Bg7 32.Qxh5 Rc3 33.f5 Rxd3 34.fxe6 
fxe6 35.Nf3 Rc3 36.Ng5 h6 37.Nf7+ Kh7 38.Nxh6 Rc7 39.Nf7+ Kg8 40.Ng5 Bxe5 
41.Qg6+ Qg7 42.Qe8+ 1-0

[Event "28th Hoogeveen op"]
[Site "Hoogeveen NED"]
[Date "2025.10.19"]
[Round "2.12"]
[White "Makhynia, Kostiantyn"]
[Black "Kukushkin, Ivan"]
[Result "1/2-1/2"]
[WhiteElo "1935"]
[BlackElo "2211"]
[EventDate "2025.10.18"]
[PlyCount "68"]

1.d4 d5 2.c4 e6 3.Nf3 Nf6 4.g3 Bd6 5.Bg2 Nc6 6.O-O O-O 7.Nc3 dxc4 8.Qa4 e5
9.d5 Nd4 10.Nxd4 exd4 11.Nb5 d3 12.e4 Bg4 13.f3 Bd7 14.Qxc4 Bxb5 15.Qxb5 
c6 16.dxc6 bxc6 17.Qc4 Qb6+ 18.Kh1 Rad8 19.Rd1 Be5 20.Rxd3 Qf2 21.Be3 Qxb2
22.Rad1 Qe2 23.Bc5 Qxd1+ 24.Rxd1 Rxd1+ 25.Bf1 Rb8 26.f4 Bxf4 27.gxf4 Rbb1 
28.Kg2 Rxf1 29.Qa6 h6 30.e5 Nd5 31.Qc8+ Kh7 32.Qf5+ Kg8 33.Qc8+ Kh7 34.
Qf5+ Kg8 1/2-1/2

[Event "28th Hoogeveen op"]
[Site "Hoogeveen NED"]
[Date "2025.10.19"]
[Round "2.13"]
[White "Baarspul, Bram"]
[Black "Weidenhoefer, Max"]
[Result "0-1"]
[WhiteElo "1894"]
[BlackElo "2205"]
[EventDate "2025.10.18"]
[PlyCount "82"]

1.e4 c6 2.d4 d5 3.e5 Bf5 4.h4 h5 5.Bd3 Bxd3 6.Qxd3 Qa5+ 7.Nd2 e6 8.Nf3 Nh6
9.O-O Nf5 10.c4 Be7 11.b3 Nxh4 12.Nxh4 Bxh4 13.a4 Be7 14.Ba3 Bxa3 15.Rxa3 
Na6 16.cxd5 cxd5 17.Nf3 Nb4 18.Qb5+ Qxb5 19.axb5 Kd7 20.Ra4 a5 21.bxa6 
Nxa6 22.Rfa1 Nc7 23.Kf1 Rxa4 24.Rxa4 Na6 25.Ke2 Rc8 26.Kd2 f6 27.Ra1 Nb4 
28.Ra4 Nc6 29.exf6 gxf6 30.Ra1 e5 31.dxe5 fxe5 32.Rh1 e4 33.Ne1 Nd4 34.
Rxh5 Nxb3+ 35.Ke3 Rc3+ 36.Ke2 d4 37.Rh7+ Kc6 38.Rh6+ Kc5 39.g4 d3+ 40.
Nxd3+ exd3+ 41.Ke3 d2+ 0-1

[Event "28th Hoogeveen op"]
[Site "Hoogeveen NED"]
[Date "2025.10.19"]
[Round "2.14"]
[White "Zwirs, Nico"]
[Black "Gerrits, Augustin"]
[Result "1-0"]
[WhiteElo "2441"]
[BlackElo "2074"]
[EventDate "2025.10.18"]
[PlyCount "77"]

1.c4 e5 2.a3 Nf6 3.d3 d5 4.cxd5 Nxd5 5.Nf3 Nc6 6.e3 Be7 7.Nbd2 Be6 8.b4 a6
9.Bb2 f6 10.Be2 O-O 11.O-O Nb6 12.Qc2 Qd5 13.d4 exd4 14.Nxd4 Nxd4 15.Bxd4 
Qd7 16.Rfd1 Rac8 17.Bf3 Nd5 18.Nb3 Qa4 19.Qe4 Bf7 20.Nc5 Bxc5 21.bxc5 b6 
22.Qf5 Ne7 23.Qb1 bxc5 24.Bxc5 Rb8 25.Qc1 Rfe8 26.Rd4 Qa5 27.Rd7 Ng6 28.
Rxf7 Kxf7 29.Bd5+ Re6 30.Qc4 Re8 31.f4 f5 32.g4 Nh4 33.gxf5 Nxf5 34.e4 Nh4
35.f5 Nf3+ 36.Kg2 Qd2+ 37.Kxf3 Qxh2 38.Bxe6+ Kf6 39.e5+ 1-0

[Event "28th Hoogeveen op"]
[Site "Hoogeveen NED"]
[Date "2025.10.19"]
[Round "2.15"]
[White "Korchynskyi, Mykola"]
[Black "Riechenberg, Sebastian"]
[Result "1-0"]
[WhiteElo "2382"]
[BlackElo "2073"]
[EventDate "2025.10.18"]
[PlyCount "51"]

1.d4 Nf6 2.c4 c5 3.d5 e5 4.Nc3 d6 5.e4 Be7 6.Be2 O-O 7.g4 Ne8 8.Be3 Bg5 9.
Bxg5 Qxg5 10.h4 Qe7 11.Qd2 a6 12.O-O-O Nc7 13.Nf3 b5 14.Rdg1 bxc4 15.h5 
Nb5 16.Nh4 g5 17.hxg6 fxg6 18.Nf5 gxf5 19.g5 Qg7 20.g6 hxg6 21.Rh6 f4 22.
Rhxg6 Ra7 23.Nxb5 axb5 24.Rxg7+ Rxg7 25.Rxg7+ Kxg7 26.Qa5 1-0

[Event "28th Hoogeveen op"]
[Site "Hoogeveen NED"]
[Date "2025.10.19"]
[Round "2.16"]
[White "Bosboom, Manuel"]
[Black "Aamuktha, Guntaka"]
[Result "1/2-1/2"]
[WhiteElo "2355"]
[BlackElo "2069"]
[EventDate "2025.10.18"]
[PlyCount "146"]

1.Nf3 Nf6 2.g3 b5 3.Bg2 Bb7 4.O-O e6 5.d3 Be7 6.e4 d6 7.c3 c5 8.a4 b4 9.a5
bxc3 10.Nxc3 O-O 11.Qb3 Qc8 12.Re1 Nc6 13.Qa4 Rb8 14.d4 cxd4 15.Nxd4 Nd7 
16.a6 Ba8 17.Nxc6 Bxc6 18.Qc4 Ba8 19.Qe2 Nc5 20.Be3 Rb6 21.Rec1 Rxa6 22.
Na4 Rc6 23.Nxc5 dxc5 24.Rxa7 Qe8 25.e5 Rc8 26.Bxa8 Rxa8 27.Rxa8 Qxa8 28.
Bxc5 Bxc5 29.Rxc5 Rb8 30.Qc4 Rd8 31.Qc2 h5 32.h4 g6 33.Rc3 Kg7 34.Qc1 Qe4 
35.Re3 Qa4 36.b3 Qg4 37.Kg2 Rd1 38.Qc2 Qd4 39.Qe4 Qa1 40.Kh2 Rf1 41.Qf3 
Kg8 42.Re4 Qa8 43.Kg2 Rc1 44.Re3 Qa1 45.Kh2 Rf1 46.b4 Qb2 47.Kg2 Ra1 48.
Rc3 Rc1 49.Rxc1 Qxc1 50.b5 Qb2 51.Qc6 Kg7 52.b6 Qb4 53.b7 Qb1 54.Qf3 Kg8 
55.Qc6 Kg7 56.Kh2 Qb2 57.Kg1 Qa1+ 58.Kg2 Qb1 59.f4 Qb2+ 60.Kf3 Qb3+ 61.Ke2
Qb2+ 62.Kd3 Qb3+ 63.Ke2 Qb2+ 64.Kf3 Qb3+ 65.Kg2 Qb2+ 66.Kh3 Qb3 67.Qe4 Kg8
68.Kh2 Kg7 69.Qc6 Qb2+ 70.Kh3 Qb3 71.Qa6 Qb1 72.Kg2 Qb2+ 73.Kf3 Qb3+ 
1/2-1/2

[Event "28th Hoogeveen op"]
[Site "Hoogeveen NED"]
[Date "2025.10.19"]
[Round "2.17"]
[White "De Jong, Migchiel"]
[Black "Li, Hewei"]
[Result "1-0"]
[WhiteElo "2258"]
[BlackElo "2022"]
[EventDate "2025.10.18"]
[PlyCount "96"]

1.Nf3 d5 2.d4 Nf6 3.c4 e6 4.g3 dxc4 5.Bg2 c5 6.O-O Nc6 7.dxc5 Qxd1 8.Rxd1 
Bxc5 9.Nbd2 c3 10.bxc3 O-O 11.Nb3 Be7 12.c4 Bd7 13.Bf4 Rfd8 14.Ne5 Be8 15.
Nxc6 Bxc6 16.Bxc6 bxc6 17.Na5 Rdc8 18.Rab1 Bc5 19.Nb7 Bb6 20.c5 Bc7 21.
Bxc7 Rxc7 22.Nd6 Rd8 23.Nb5 Rcd7 24.Rxd7 Rxd7 25.Nxa7 g5 26.Nxc6 Rc7 27.
Rb8+ Kg7 28.Nd8 Rxc5 29.Rb7 Kg6 30.Nxf7 Rc2 31.Ne5+ Kf5 32.Nf3 Rxa2 33.
Rb5+ Nd5 34.e4+ Kxe4 35.Nxg5+ Kf5 36.Nxh7 Ra7 37.Nf8 Rf7 38.Rb3 Ra7 39.
Rf3+ Ke4 40.Kg2 e5 41.h4 Rg7 42.Ne6 Rg6 43.Ng5+ Kd4 44.Rf5 e4 45.Nh3 e3 
46.Nf4 Ke4 47.Rxd5 e2 48.Nxe2 Kxd5 1-0

[Event "28th Hoogeveen op"]
[Site "Hoogeveen NED"]
[Date "2025.10.19"]
[Round "2.18"]
[White "Timmermans, Raymond"]
[Black "Van Batenburg, Mees"]
[Result "1/2-1/2"]
[WhiteElo "2013"]
[BlackElo "2231"]
[EventDate "2025.10.18"]
[PlyCount "55"]

1.b3 e5 2.Bb2 Nc6 3.e3 d5 4.Bb5 Ne7 5.Bxe5 a6 6.Bxc6+ Nxc6 7.Bc3 Qg5 8.Qf3
Bg4 9.Qg3 Bd6 10.f4 Qf5 11.h3 Bh5 12.Qxg7 O-O-O 13.Qg5 Qxg5 14.fxg5 Bg3+ 
15.Kf1 d4 16.Bxd4 Nxd4 17.exd4 Rxd4 18.Nc3 Be5 19.Re1 Rf4+ 20.Nf3 Bxc3 21.
dxc3 Bxf3 22.gxf3 Rxf3+ 23.Ke2 Rxc3 24.Kd2 Rg3 25.Rhf1 Rd8+ 26.Kc1 Rf8 27.
h4 Rg4 28.Re7 1/2-1/2

[Event "28th Hoogeveen op"]
[Site "Hoogeveen NED"]
[Date "2025.10.19"]
[Round "2.19"]
[White "Humburg, Philipp"]
[Black "Duchene, Rene"]
[Result "1-0"]
[WhiteElo "2204"]
[BlackElo "2055"]
[EventDate "2025.10.18"]
[PlyCount "87"]

1.d4 Nf6 2.c4 g6 3.Nc3 Bg7 4.e4 d6 5.Be2 O-O 6.Nf3 e5 7.Be3 exd4 8.Nxd4 
Re8 9.f3 c6 10.Bf2 d5 11.exd5 cxd5 12.O-O Nc6 13.c5 Nh5 14.Qd2 Be5 15.g3 
Nxd4 16.Bxd4 Qf6 17.Bxe5 Qxe5 18.Bb5 Rd8 19.Rfe1 Qc7 20.Qd4 Be6 21.Re5 Ng7
22.g4 h5 23.Rae1 hxg4 24.fxg4 b6 25.b4 bxc5 26.bxc5 a6 27.Bf1 Rac8 28.Na4 
Qa5 29.Rc1 Rc6 30.Re3 Rb8 31.Rb3 Rxb3 32.axb3 Qd8 33.Bg2 Qh4 34.Rd1 Rc8 
35.h3 Re8 36.Nb6 Qg3 37.Qd3 Qc7 38.b4 a5 39.Qb5 axb4 40.Qxb4 Qg3 41.Qd4 
Kh7 42.Qf2 Qb3 43.Rf1 Rd8 44.Qh4+ 1-0

[Event "28th Hoogeveen op"]
[Site "Hoogeveen NED"]
[Date "2025.10.19"]
[Round "2.20"]
[White "Groenewoud, Joel"]
[Black "Safin, Safarullakhan"]
[Result "0-1"]
[WhiteElo "2175"]
[BlackElo "1915"]
[EventDate "2025.10.18"]
[PlyCount "72"]

1.e4 c5 2.Nf3 d6 3.d4 cxd4 4.Nxd4 Nf6 5.Nc3 a6 6.f3 e6 7.g4 h6 8.Be3 d5 9.
e5 Nfd7 10.f4 Qb6 11.Qd2 Qxb2 12.Rb1 Qa3 13.Bd3 Nc6 14.f5 Ndxe5 15.O-O 
Nxd4 16.Bxd4 Bc5 17.Qe3 Nxd3 18.cxd3 Bxd4 19.Qxd4 O-O 20.fxe6 Bxe6 21.Rxb7
Rab8 22.Rxb8 Rxb8 23.Nxd5 Qxa2 24.Ne7+ Kh8 25.Qe5 Qb2 26.d4 Rd8 27.Rf4 Re8
28.Nf5 f6 29.Qe1 Bd7 30.Re4 Rc8 31.Re2 Qa3 32.Re3 Qa2 33.Re7 Bxf5 34.gxf5 
Rc2 35.Ra7 Re2 36.Qf1 Qd2 0-1

[Event "28th Hoogeveen op"]
[Site "Hoogeveen NED"]
[Date "2025.10.19"]
[Round "2.21"]
[White "Edwardss, Dylan"]
[Black "Bakels, Anton"]
[Result "1-0"]
[WhiteElo "2137"]
[BlackElo "1981"]
[EventDate "2025.10.18"]
[PlyCount "79"]

1.d4 Nf6 2.Bg5 g6 3.Bxf6 exf6 4.e3 d5 5.g3 Bg7 6.Bg2 O-O 7.Ne2 c6 8.O-O f5
9.b3 Be6 10.Qd3 Nd7 11.Nf4 Nf6 12.c4 Qd7 13.Nc3 Ne4 14.cxd5 cxd5 15.Rac1 
Rac8 16.Bxe4 fxe4 17.Qb5 Qxb5 18.Nxb5 Rc6 19.Nxe6 Rxe6 20.Rc7 a6 21.Nc3 
Rd8 22.Rxb7 Rc6 23.Na4 Bf8 24.Rb6 Rc2 25.Rxa6 Rxa2 26.Rc1 Rb8 27.Rb6 Rxb6 
28.Nxb6 Ra5 29.Nd7 Be7 30.Ne5 Rb5 31.Nc6 Ba3 32.Rb1 Kf8 33.b4 f6 34.Rb3 
Bc1 35.Kf1 Ke8 36.Ke2 Kd7 37.Na5 Rb8 38.Kd1 Rc8 39.b5 Ra8 40.b6 1-0